[Event "18. Obert Int. Sant Marti 2016 - B"]
[Site "Barcelona ESP"]
[Date "2016.07.15"]
[Round "3.62"]
[White "Bernat Mor, Juli"]
[Black "Gomez Fernandez, Miquel"]
[Result "1-0"]
[WhiteElo "1239"]
[BlackElo "1593"]
[PlyCount "99"]
[EventDate "2016.07.13"]
[EventType "swiss"]
[EventRounds "9"]
[EventCountry "ESP"]
[SourceTitle "Ajedrez en Madrid"]
[Source "lmi"]
[SourceDate "2016.07.13"]
[SourceVersion "1"]
[SourceVersionDate "2019.06.21"]
[SourceQuality "1"]

1. e4 c5 2. d4 cxd4 3. c3 Nc6 4. cxd4 d5 5. e5 e6 6. Nc3 h6 7. Nf3 Bb4 8. a3
Ba5 9. b4 Bc7 10. Be2 a6 11. O-O Nge7 12. Nh4 O-O 13. Qd3 b5 14. Bd1 Bd7 15.
Bc2 Nf5 16. Nxf5 exf5 17. Nxd5 Be6 18. Nxc7 Qxc7 19. f4 Rad8 20. Be3 g6 21. Qc3
Bd5 22. Rad1 Rc8 23. Bb1 Qb7 24. Qe1 Nd8 25. Qg3 Kh7 26. h4 Rg8 27. Rd2 Ne6 28.
Ba2 Rc3 29. Bxd5 Qxd5 30. Ra1 Qe4 31. Re1 Rd8 32. Qf2 Rxa3 33. Ra2 Rxa2 34.
Qxa2 Rxd4 35. Qxa6 Rxb4 36. Bd2 Rb2 37. Rxe4 fxe4 38. Qb7 Rxd2 39. Qxf7+ Ng7
40. e6 e3 41. e7 Rd1+ 42. Kh2 Rd7 43. e8=Q Rxf7 44. Qxf7 b4 45. Qe7 b3 46. Qxe3
b2 47. Qb3 Ne6 48. Qxb2 Nxf4 49. Qb7+ Kg8 50. Qb8+ 1-0

[Event "18. Obert Int. Sant Marti 2016 - B"]
[Site "Barcelona ESP"]
[Date "2016.07.15"]
[Round "3.63"]
[White "Martinez Navarro, Miquel"]
[Black "Martimpe Burgues, Xavier"]
[Result "1-0"]
[WhiteElo "1587"]
[BlackElo "1219"]
[PlyCount "75"]
[EventDate "2016.07.13"]
[EventType "swiss"]
[EventRounds "9"]
[EventCountry "ESP"]
[SourceTitle "Ajedrez en Madrid"]
[Source "lmi"]
[SourceDate "2016.07.13"]
[SourceVersion "1"]
[SourceVersionDate "2019.06.21"]
[SourceQuality "1"]

1. e4 e5 2. Nf3 Nc6 3. Bc4 d6 4. a3 Bg4 5. h3 Bh5 6. c3 Nf6 7. d3 d5 8. exd5
Nxd5 9. O-O Bc5 10. b4 Be7 11. Re1 O-O 12. g4 Bg6 13. Nxe5 Qd6 14. Nxc6 bxc6
15. Qf3 Bh4 16. Ra2 Nf6 17. Bf4 Qd7 18. Rae2 h5 19. Re7 hxg4 20. Rxd7 gxf3 21.
Rd4 Rfe8 22. Be3 a5 23. Rxh4 Re5 24. Nd2 Bh5 25. d4 Rf5 26. Bd3 Rd5 27. Be4 Rd6
28. Bxf3 Bg6 29. Bf4 Rd7 30. Bxc6 Rdd8 31. Bxa8 Rxa8 32. Bxc7 axb4 33. axb4 Nd5
34. Bd6 Nxc3 35. Bc5 Bd3 36. Re3 Ra1+ 37. Kg2 g5 38. Rxd3 1-0

[Event "18. Obert Int. Sant Marti 2016 - B"]
[Site "Barcelona ESP"]
[Date "2016.07.15"]
[Round "3.65"]
[White "Riera Mestres, Josep"]
[Black "Orts Gonzalez, Rafael"]
[Result "1-0"]
[WhiteElo "1530"]
[BlackElo "1191"]
[PlyCount "55"]
[EventDate "2016.07.13"]
[EventType "swiss"]
[EventRounds "9"]
[EventCountry "ESP"]
[SourceTitle "Ajedrez en Madrid"]
[Source "lmi"]
[SourceDate "2016.07.13"]
[SourceVersion "1"]
[SourceVersionDate "2019.06.21"]
[SourceQuality "1"]

1. d4 d5 2. Nf3 h6 3. Bf4 Bf5 4. e3 Nd7 5. c4 c6 6. Nc3 Be4 7. Qb3 Nb6 8. Nxe4
dxe4 9. Ne5 e6 10. Be2 c5 11. Qb5+ Nd7 12. dxc5 a6 13. Qa4 Bxc5 14. Rd1 Ngf6
15. b4 b5 16. Qb3 bxc4 17. Bxc4 Rb8 18. a3 Qe7 19. Nc6 Bxb4+ 20. axb4 Rxb4 21.
Qxb4 Qxb4+ 22. Nxb4 O-O 23. O-O Nc5 24. Bd6 Rc8 25. Bxc5 Rxc5 26. Bxa6 Rh5 27.
Be2 Rb5 28. Bxb5 1-0

[Event "18. Obert Int. Sant Marti 2016 - B"]
[Site "Barcelona ESP"]
[Date "2016.07.15"]
[Round "3.67"]
[White "Bienvenido Kleque, Jose"]
[Black "Minko, Aleksandr"]
[Result "0-1"]
[WhiteElo "1494"]
[BlackElo "1145"]
[PlyCount "70"]
[EventDate "2016.07.13"]
[EventType "swiss"]
[EventRounds "9"]
[EventCountry "ESP"]
[SourceTitle "Ajedrez en Madrid"]
[Source "lmi"]
[SourceDate "2016.07.13"]
[SourceVersion "1"]
[SourceVersionDate "2019.06.21"]
[SourceQuality "1"]

1. c4 e6 2. d4 d5 3. cxd5 exd5 4. g3 c5 5. Nf3 Nc6 6. Bg2 Nf6 7. O-O Be6 8. Nc3
Be7 9. Re1 O-O 10. Be3 Ne4 11. Rc1 b6 12. a3 f5 13. Qc2 Bf6 14. Red1 Rf7 15.
Nxe4 fxe4 16. Ne1 cxd4 17. Qxc6 dxe3 18. Qxe6 Bxb2 19. Rc2 exf2+ 20. Kh1
fxe1=Q+ 21. Rxe1 Bxa3 22. Rf1 Qf8 23. Rxf7 Qxf7 24. Rc8+ Rxc8 25. Qxc8+ Qf8 26.
Qe6+ Kh8 27. Qxd5 a5 28. Qxe4 b5 29. Qc2 b4 30. e4 Qg8 31. Qb1 a4 32. Bf1 b3
33. Bb5 Qf8 34. Bxa4 Qf3+ 35. Kg1 Bc5# 0-1

[Event "18. Obert Int. Sant Marti 2016 - B"]
[Site "Barcelona ESP"]
[Date "2016.07.16"]
[Round "4.2"]
[White "Madrid Sole, Antonio"]
[Black "Esteban Lupianez, Jose Miguel"]
[Result "0-1"]
[WhiteElo "1865"]
[BlackElo "1715"]
[PlyCount "98"]
[EventDate "2016.07.13"]
[EventType "swiss"]
[EventRounds "9"]
[EventCountry "ESP"]
[SourceTitle "Ajedrez en Madrid"]
[Source "lmi"]
[SourceDate "2016.07.13"]
[SourceVersion "1"]
[SourceVersionDate "2019.06.21"]
[SourceQuality "1"]

1. d4 d5 2. Nf3 g6 3. c3 Nf6 4. e3 Bg7 5. Bd3 O-O 6. Nbd2 b6 7. O-O c5 8. Ne5
Qc7 9. Qe2 c4 10. Bc2 Nfd7 11. f4 Nxe5 12. fxe5 f5 13. exf6 exf6 14. e4 Bb7 15.
exd5 Bxd5 16. Be4 Bxe4 17. Qxe4 Qc6 18. Qxc6 Nxc6 19. Nxc4 b5 20. Nd6 a6 21.
Bf4 g5 22. Bg3 h5 23. Nf5 Rfe8 24. Rae1 h4 25. Bd6 Kf7 26. Bc5 Kg6 27. Nd6 Red8
28. Re6 Rd7 29. Ne4 Nd8 30. Nxf6 Rf7 31. Re8 Bxf6 32. d5 Rc8 33. Bb6 Rb8 34.
Ba5 Nc6 35. Rxb8 Nxb8 36. d6 Nc6 37. Bc7 b4 38. Rc1 bxc3 39. bxc3 Rd7 40. c4
Bd4+ 41. Kf1 Bc5 42. Rd1 Nd4 43. Rd3 Kf5 44. Ke1 Ke4 45. Rh3 Bxd6 46. Bb6 Bb4+
47. Kf2 Rf7+ 48. Rf3 Nxf3 49. gxf3+ Rxf3+ 0-1

[Event "18. Obert Int. Sant Marti 2016 - B"]
[Site "Barcelona ESP"]
[Date "2016.07.16"]
[Round "4.4"]
[White "Bieg Pagel, Clemens"]
[Black "Garcia Clemente, Julian Fco."]
[Result "1/2-1/2"]
[WhiteElo "1866"]
[BlackElo "1910"]
[PlyCount "44"]
[EventDate "2016.07.13"]
[EventType "swiss"]
[EventRounds "9"]
[EventCountry "ESP"]
[SourceTitle "Ajedrez en Madrid"]
[Source "lmi"]
[SourceDate "2016.07.13"]
[SourceVersion "1"]
[SourceVersionDate "2019.06.21"]
[SourceQuality "1"]

1. e4 c5 2. Nf3 Nc6 3. d4 cxd4 4. Nxd4 g6 5. Nc3 Bg7 6. Be3 Nf6 7. Bc4 O-O 8.
f3 Qb6 9. Qd2 Nxe4 10. fxe4 Bxd4 11. Bxd4 Qxd4 12. Qe2 Ne5 13. Bb3 e6 14. Rd1
Qb4 15. O-O a6 16. Kh1 b5 17. Qe3 Qe7 18. Qf4 d6 19. Rd4 Bb7 20. Rfd1 Rad8 21.
Qd2 Qh4 22. Qe1 Qxe1+ 1/2-1/2

[Event "18. Obert Int. Sant Marti 2016 - B"]
[Site "Barcelona ESP"]
[Date "2016.07.16"]
[Round "4.5"]
[White "Khudov, Oleksandr"]
[Black "Perez Garcia, Jose Miguel"]
[Result "0-1"]
[WhiteElo "1847"]
[BlackElo "1904"]
[PlyCount "124"]
[EventDate "2016.07.13"]
[EventType "swiss"]
[EventRounds "9"]
[EventCountry "ESP"]
[SourceTitle "Ajedrez en Madrid"]
[Source "lmi"]
[SourceDate "2016.07.13"]
[SourceVersion "1"]
[SourceVersionDate "2019.06.21"]
[SourceQuality "1"]

1. c4 Nf6 2. Nc3 g6 3. g3 Bg7 4. Bg2 O-O 5. Nf3 d6 6. O-O Nc6 7. d3 e5 8. Rb1
a5 9. a3 Re8 10. Nd2 Be6 11. b4 axb4 12. axb4 d5 13. b5 Ne7 14. Qb3 c5 15. Rd1
b6 16. Bb2 d4 17. Nce4 Nxe4 18. Nxe4 Rb8 19. Ra1 Qc7 20. Ra4 Bc8 21. Rda1 Bb7
22. Nd2 f5 23. Ra7 Nc8 24. Bd5+ Kf8 25. R7a4 Bh6 26. Bxb7 Rxb7 27. Nf1 Kg7 28.
e3 Kf7 29. Bc1 Bg7 30. Nd2 e4 31. Rb1 dxe3 32. fxe3 exd3 33. Nf3 Qe7 34. Qxd3
Rd7 35. Qe2 Bf6 36. Ra6 Qe4 37. Rb3 Red8 38. Bb2 Rd1+ 39. Kf2 g5 40. Bxf6 Kxf6
41. Qb2+ Kg6 42. Ne5+ Kh5 43. Ra2 R8d2+ 44. Qxd2 Rxd2+ 45. Rxd2 Qxe5 46. Rbd3
Qe4 47. Rd7 Kg4 48. Rxh7 Qf3+ 49. Ke1 Qxe3+ 50. Re2 Qg1+ 51. Kd2 Nd6 52. h3+
Kf3 53. Rh6 Ne4+ 54. Rxe4 Kxe4 55. Rxb6 Qf2+ 56. Kc3 Qxg3+ 57. Kb2 Kd4 58. Ra6
Qc3+ 59. Kb1 Qxc4 60. Rd6+ Kc3 61. b6 Qb3+ 62. Kc1 Qc2# 0-1

[Event "18. Obert Int. Sant Marti 2016 - B"]
[Site "Barcelona ESP"]
[Date "2016.07.16"]
[Round "4.6"]
[White "Cardenas, Fernando Adrian"]
[Black "Valbuena Castro, Gregorio"]
[Result "1-0"]
[WhiteElo "1943"]
[BlackElo "1724"]
[PlyCount "69"]
[EventDate "2016.07.13"]
[EventType "swiss"]
[EventRounds "9"]
[EventCountry "ESP"]
[SourceTitle "Ajedrez en Madrid"]
[Source "lmi"]
[SourceDate "2016.07.13"]
[SourceVersion "1"]
[SourceVersionDate "2019.06.21"]
[SourceQuality "1"]

1. Nf3 Nf6 2. d4 c5 3. d5 d6 4. g3 g6 5. Bg2 Bg7 6. O-O O-O 7. c4 a6 8. a4 Bg4
9. h3 Bxf3 10. Bxf3 Nbd7 11. Bg2 Qb6 12. a5 Qc7 13. Qc2 b6 14. axb6 Qxb6 15.
Ra3 Rfb8 16. b3 Rb7 17. Bd2 Qc7 18. Ba5 Qc8 19. Nc3 Ne5 20. f4 Ned7 21. Kh2
Rab8 22. Na4 Ne8 23. Nb2 Nb6 24. Nd3 Qf5 25. e4 Qf6 26. e5 Qf5 27. g4 Qc8 28.
Bc3 Rc7 29. Be4 dxe5 30. fxe5 f5 31. gxf5 gxf5 32. Bxf5 Qb7 33. Bxh7+ Kh8 34.
Nf4 Qc8 35. Ng6+ 1-0

[Event "18. Obert Int. Sant Marti 2016 - B"]
[Site "Barcelona ESP"]
[Date "2016.07.16"]
[Round "4.7"]
[White "Ayza Casamitjana, Antoni"]
[Black "Minguell Soler, Joan"]
[Result "1/2-1/2"]
[WhiteElo "1818"]
[BlackElo "1942"]
[PlyCount "80"]
[EventDate "2016.07.13"]
[EventType "swiss"]
[EventRounds "9"]
[EventCountry "ESP"]
[SourceTitle "Ajedrez en Madrid"]
[Source "lmi"]
[SourceDate "2016.07.13"]
[SourceVersion "1"]
[SourceVersionDate "2019.06.21"]
[SourceQuality "1"]

1. e4 e6 2. Nf3 d5 3. e5 c5 4. b4 cxb4 5. a3 Nc6 6. axb4 Bxb4 7. c3 Be7 8. d4
Nh6 9. Bd3 Nf5 10. O-O O-O 11. g4 Nh4 12. Nxh4 Bxh4 13. f4 Be7 14. g5 g6 15. h4
Bd7 16. Ra2 h5 17. gxh6 Bxh4 18. Qg4 Kh7 19. Rh2 Be7 20. Nd2 a5 21. Nf3 a4 22.
Rg2 Be8 23. f5 exf5 24. Bxf5 a3 25. e6 Rg8 26. Bb1 f5 27. Bxf5 a2 28. Bb2 Bf6
29. Bd3 Qe7 30. Ra1 Nd8 31. Re2 b5 32. Bc1 Ra6 33. Ng5+ Kh8 34. Qg2 Qc7 35. Bd2
Bxg5 36. Bxg5 Qxc3 37. Bf6+ Kh7 38. Raxa2 Rxa2 39. Rxa2 Qe1+ 40. Kh2 Qxe6
1/2-1/2

[Event "18. Obert Int. Sant Marti 2016 - B"]
[Site "Barcelona ESP"]
[Date "2016.07.16"]
[Round "4.8"]
[White "Riera Danes, Manel"]
[Black "Abarca Garcia, Xavier"]
[Result "1/2-1/2"]
[WhiteElo "1916"]
[BlackElo "1864"]
[PlyCount "64"]
[EventDate "2016.07.13"]
[EventType "swiss"]
[EventRounds "9"]
[EventCountry "ESP"]
[SourceTitle "Ajedrez en Madrid"]
[Source "lmi"]
[SourceDate "2016.07.13"]
[SourceVersion "1"]
[SourceVersionDate "2019.06.21"]
[SourceQuality "1"]

1. e4 c5 2. Nf3 Nc6 3. d4 cxd4 4. Nxd4 g6 5. Nc3 Bg7 6. Be3 Nf6 7. Bc4 Qa5 8.
O-O O-O 9. Nb3 Qc7 10. f4 d6 11. Be2 Bd7 12. h3 a6 13. Qd2 b5 14. Bd3 Be6 15.
Qf2 Rab8 16. Nd2 Na5 17. f5 Bc4 18. Rac1 Qb7 19. b3 Bxd3 20. cxd3 Nc6 21. Nf3
Nb4 22. Qd2 gxf5 23. a3 fxe4 24. dxe4 Nc6 25. Bh6 Kh8 26. Bxg7+ Kxg7 27. Nh4
Kh8 28. Nf5 Ne5 29. Qh6 Rg8 30. Nxe7 Qxe7 31. Qxf6+ Qxf6 32. Rxf6 Rg6 1/2-1/2

[Event "18. Obert Int. Sant Marti 2016 - B"]
[Site "Barcelona ESP"]
[Date "2016.07.16"]
[Round "4.9"]
[White "Pascual Gonzalez-Novelles, Carles"]
[Black "Flores Mendoza, Jose Antonio"]
[Result "0-1"]
[WhiteElo "1718"]
[BlackElo "1877"]
[PlyCount "58"]
[EventDate "2016.07.13"]
[EventType "swiss"]
[EventRounds "9"]
[EventCountry "ESP"]
[SourceTitle "Ajedrez en Madrid"]
[Source "lmi"]
[SourceDate "2016.07.13"]
[SourceVersion "1"]
[SourceVersionDate "2019.06.21"]
[SourceQuality "1"]

1. e4 e6 2. d4 d5 3. Nc3 Nf6 4. e5 Nfd7 5. f4 c5 6. Nf3 Nc6 7. Ne2 cxd4 8.
Nexd4 Be7 9. c3 Nc5 10. Be2 Bd7 11. O-O O-O 12. Kh1 a6 13. a4 Rc8 14. Nxc6 Bxc6
15. Nd4 Bd7 16. Bf3 f5 17. exf6 Bxf6 18. Be3 Bxd4 19. Bxd4 Rxf4 20. Be3 Rf8 21.
b4 Ne4 22. Bd4 Nxc3 23. Qd3 Nxa4 24. Qe3 b5 25. Rf2 Qh4 26. Be5 Rf5 27. Raf1
Rxe5 28. Be4 Rxe4 29. Qc1 Qxf2 0-1

[Event "18. Obert Int. Sant Marti 2016 - B"]
[Site "Barcelona ESP"]
[Date "2016.07.16"]
[Round "4.10"]
[White "Pujal Moncho, Joaquim"]
[Black "Andreu Termes, Frederic"]
[Result "1/2-1/2"]
[WhiteElo "1805"]
[BlackElo "1870"]
[PlyCount "26"]
[EventDate "2016.07.13"]
[EventType "swiss"]
[EventRounds "9"]
[EventCountry "ESP"]
[SourceTitle "Ajedrez en Madrid"]
[Source "lmi"]
[SourceDate "2016.07.13"]
[SourceVersion "1"]
[SourceVersionDate "2019.06.21"]
[SourceQuality "1"]

1. c4 e5 2. e4 Nc6 3. g3 g6 4. Bg2 Bg7 5. Nc3 d6 6. d3 Nge7 7. Nge2 O-O 8. O-O
Be6 9. h3 Qd7 10. Kh2 f5 11. f4 Rf7 12. Be3 Raf8 13. Qd2 Kh8 1/2-1/2

[Event "18. Obert Int. Sant Marti 2016 - B"]
[Site "Barcelona ESP"]
[Date "2016.07.16"]
[Round "4.11"]
[White "Cervello I Tost, Roger"]
[Black "Maqueda Berdugo, Francisco"]
[Result "1-0"]
[WhiteElo "1910"]
[BlackElo "1696"]
[PlyCount "59"]
[EventDate "2016.07.13"]
[EventType "swiss"]
[EventRounds "9"]
[EventCountry "ESP"]
[SourceTitle "Ajedrez en Madrid"]
[Source "lmi"]
[SourceDate "2016.07.13"]
[SourceVersion "1"]
[SourceVersionDate "2019.06.21"]
[SourceQuality "1"]

1. e4 c5 2. d4 cxd4 3. c3 dxc3 4. Nxc3 Nc6 5. Nf3 d6 6. Bc4 e6 7. O-O Be7 8.
Qe2 Nf6 9. Rd1 e5 10. Bg5 O-O 11. Rac1 Be6 12. Bb5 a6 13. Bxc6 bxc6 14. Nxe5
Qa5 15. Nxc6 Qxg5 16. Nxe7+ Kh8 17. Ned5 Nxd5 18. exd5 Bg4 19. f3 Bf5 20. Re1
Qd8 21. b3 Bd7 22. Qe7 Qb6+ 23. Qe3 Qd8 24. Qd4 f5 25. Ne2 Re8 26. Nf4 Rxe1+
27. Rxe1 Qa5 28. Re7 Rg8 29. Nh5 Bb5 30. Nxg7 1-0

[Event "18. Obert Int. Sant Marti 2016 - B"]
[Site "Barcelona ESP"]
[Date "2016.07.16"]
[Round "4.12"]
[White "Volart Buil, Jordi"]
[Black "Ramal Mata, Rodrigo"]
[Result "0-1"]
[WhiteElo "1819"]
[BlackElo "1948"]
[PlyCount "102"]
[EventDate "2016.07.13"]
[EventType "swiss"]
[EventRounds "9"]
[EventCountry "ESP"]
[SourceTitle "Ajedrez en Madrid"]
[Source "lmi"]
[SourceDate "2016.07.13"]
[SourceVersion "1"]
[SourceVersionDate "2019.06.21"]
[SourceQuality "1"]

1. d4 Nf6 2. Nf3 c5 3. d5 g6 4. c4 d6 5. Bd2 Ne4 6. Nc3 Nxd2 7. Qxd2 Bg7 8. e4
O-O 9. Be2 a6 10. O-O Qa5 11. Nd1 Qxd2 12. Nxd2 Bd7 13. Rb1 b5 14. b3 b4 15.
Nb2 f5 16. Bd3 f4 17. Nf3 Bg4 18. Be2 Nd7 19. h3 Bxf3 20. Bxf3 Ne5 21. Bg4 h5
22. Be6+ Kh7 23. Rfd1 a5 24. Nd3 Nxd3 25. Rxd3 a4 26. Bd7 axb3 27. axb3 Ra2 28.
Ba4 Bd4 29. Rf3 g5 30. g4 hxg4 31. hxg4 Kg7 32. Kg2 Rh8 33. Rf1 Rh4 34. Bd7 Kf6
35. Re1 Ke5 36. Bf5 Rh8 37. Bd7 Rb2 38. Rd1 Bc3 39. Rh1 Rxh1 40. Kxh1 Kxe4 41.
Kg2 Rxb3 42. Rh3 Ra3 43. Rh7 Bf6 44. Rh1 f3+ 45. Kh3 Be5 46. Bf5+ Kd4 47. Re1
Kxc4 48. Be4 Ra1 49. Rf1 Rxf1 50. Bd3+ Kc3 51. Bxf1 Bd4 0-1

[Event "18. Obert Int. Sant Marti 2016 - B"]
[Site "Barcelona ESP"]
[Date "2016.07.16"]
[Round "4.13"]
[White "Khachatryan, Tigran V."]
[Black "Julia Yebra, David"]
[Result "1-0"]
[WhiteElo "1936"]
[BlackElo "1822"]
[PlyCount "107"]
[EventDate "2016.07.13"]
[EventType "swiss"]
[EventRounds "9"]
[EventCountry "ESP"]
[SourceTitle "Ajedrez en Madrid"]
[Source "lmi"]
[SourceDate "2016.07.13"]
[SourceVersion "1"]
[SourceVersionDate "2019.06.21"]
[SourceQuality "1"]

1. e4 d6 2. d4 Nf6 3. Nc3 c6 4. Nf3 Qa5 5. Bd3 e5 6. h3 exd4 7. Nxd4 Qb6 8. Nb3
Be6 9. Be3 Qc7 10. Nd4 Bc8 11. O-O Nbd7 12. Bf4 Ne5 13. Bh2 Qb6 14. Nb3 Be7 15.
Na4 Qb4 16. Nc3 Be6 17. a3 Qb6 18. Na4 Qc7 19. Nd4 Bd7 20. Nf3 b5 21. Nc5 O-O
22. c4 bxc4 23. Nxe5 dxe5 24. Nxd7 Nxd7 25. Bxc4 Kh8 26. Rc1 Qb7 27. Qh5 Bd6
28. Rcd1 Nf6 29. Qf5 Qe7 30. Rd3 g6 31. Qf3 Rad8 32. Rfd1 Nh5 33. Qe2 Nf4 34.
Bxf4 exf4 35. e5 Bc7 36. e6 fxe6 37. Bxe6 Rxd3 38. Rxd3 Qg5 39. Bg4 Rf7 40.
Qe8+ Kg7 41. Qxc6 Qe7 42. Bf3 Qe1+ 43. Kh2 Qxf2 44. Qc3+ Kh6 45. Rd5 Qe3 46.
Qc4 Bb6 47. Rd1 Re7 48. a4 Qf2 49. Qxf4+ Kg7 50. Qb4 Bc7+ 51. Kh1 Qg3 52. Qxe7+
Kh6 53. Qf8+ Kg5 54. Rd5+ 1-0

[Event "18. Obert Int. Sant Marti 2016 - B"]
[Site "Barcelona ESP"]
[Date "2016.07.16"]
[Round "4.14"]
[White "Colom Andres, Xavier"]
[Black "Martin Vilanova, Jordi"]
[Result "1-0"]
[WhiteElo "1812"]
[BlackElo "1919"]
[PlyCount "95"]
[EventDate "2016.07.13"]
[EventType "swiss"]
[EventRounds "9"]
[EventCountry "ESP"]
[SourceTitle "Ajedrez en Madrid"]
[Source "lmi"]
[SourceDate "2016.07.13"]
[SourceVersion "1"]
[SourceVersionDate "2019.06.21"]
[SourceQuality "1"]

1. c4 e6 2. Nc3 d5 3. cxd5 exd5 4. d4 f5 5. Bf4 c6 6. Nf3 Nf6 7. e3 Bd6 8. Bd3
O-O 9. O-O Ne4 10. Qc2 Be6 11. a3 Qe7 12. b4 a6 13. Na4 Nd7 14. Nc5 Ndf6 15.
Bxd6 Nxd6 16. Ne5 Rae8 17. Rae1 Nd7 18. f3 Rf6 19. Kh1 Rh6 20. Qf2 Rf8 21. f4
Nf6 22. Qc2 Nfe4 23. Rf3 Kh8 24. g3 Bf7 25. Nxf7+ Qxf7 26. Bxe4 fxe4 27. Rf2
Qh5 28. Rg2 Rf7 29. Qf2 Qg4 30. Qe2 Qh3 31. g4 Nc4 32. Nxe4 Re7 33. Ng5 Qh4 34.
Nf3 Qh3 35. Ne5 Nxa3 36. Qd3 Nc4 37. Qf5 Re8 38. Nf7+ Kg8 39. Nxh6+ gxh6 40.
Rg3 Qh4 41. g5 h5 42. g6 Qe7 43. gxh7+ Kh8 44. Rg8+ Rxg8 45. hxg8=Q+ Kxg8 46.
Rg1+ Kh8 47. Qxh5+ Qh7 48. Qe8+ 1-0

[Event "18. Obert Int. Sant Marti 2016 - B"]
[Site "Barcelona ESP"]
[Date "2016.07.16"]
[Round "4.15"]
[White "Parayre Soguero, Jordi"]
[Black "Lleyda Naval, Justo"]
[Result "1/2-1/2"]
[WhiteElo "1918"]
[BlackElo "1818"]
[PlyCount "86"]
[EventDate "2016.07.13"]
[EventType "swiss"]
[EventRounds "9"]
[EventCountry "ESP"]
[SourceTitle "Ajedrez en Madrid"]
[Source "lmi"]
[SourceDate "2016.07.13"]
[SourceVersion "1"]
[SourceVersionDate "2019.06.21"]
[SourceQuality "1"]

1. d4 Nf6 2. c4 d6 3. Nc3 g6 4. e4 Bg7 5. Nf3 O-O 6. Be2 Nbd7 7. O-O e5 8. d5
h6 9. b4 a5 10. Ba3 axb4 11. Bxb4 b6 12. a4 Re8 13. Qc2 Nc5 14. Nd2 Bd7 15. a5
Na6 16. Qb3 Nxb4 17. Qxb4 bxa5 18. Rxa5 Qb8 19. Nb5 Rxa5 20. Qxa5 Bxb5 21. cxb5
h5 22. f3 Bh6 23. Nc4 Nd7 24. Ra1 Nb6 25. Kf2 Qa8 26. Nxb6 Qxa5 27. Rxa5 cxb6
28. Ra7 Rb8 29. Rc7 Bd2 30. g3 Bb4 31. f4 exf4 32. gxf4 Ra8 33. e5 Ra3 34. e6
fxe6 35. dxe6 Bc5+ 36. Kf1 d5 37. f5 Re3 38. fxg6 Rxe6 39. Bxh5 Re7 40. Rxe7
Bxe7 41. Bf3 Kg7 42. Bxd5 Kxg6 43. Kg2 Kh6 1/2-1/2

[Event "18. Obert Int. Sant Marti 2016 - B"]
[Site "Barcelona ESP"]
[Date "2016.07.16"]
[Round "4.16"]
[White "Roche Peris, Eduard"]
[Black "Carrey Abellan, Enric"]
[Result "1/2-1/2"]
[WhiteElo "1798"]
[BlackElo "1911"]
[PlyCount "37"]
[EventDate "2016.07.13"]
[EventType "swiss"]
[EventRounds "9"]
[EventCountry "ESP"]
[SourceTitle "Ajedrez en Madrid"]
[Source "lmi"]
[SourceDate "2016.07.13"]
[SourceVersion "1"]
[SourceVersionDate "2019.06.21"]
[SourceQuality "1"]

1. Nf3 Nf6 2. c4 c5 3. Nc3 g6 4. g3 Bg7 5. Bg2 O-O 6. O-O Nc6 7. d4 cxd4 8.
Nxd4 Nxd4 9. Qxd4 d6 10. Nd5 Nd7 11. Qh4 Re8 12. Rb1 Nb6 13. Bh6 Bh8 14. c5
Nxd5 15. Bxd5 e6 16. Qxd8 Rxd8 17. Bg2 d5 18. Bd2 Bd7 19. Ba5 1/2-1/2

[Event "18. Obert Int. Sant Marti 2016 - B"]
[Site "Barcelona ESP"]
[Date "2016.07.16"]
[Round "4.17"]
[White "Molina Hernandez, Albert"]
[Black "Quero Ortega, Juan"]
[Result "1-0"]
[WhiteElo "1908"]
[BlackElo "1805"]
[PlyCount "95"]
[EventDate "2016.07.13"]
[EventType "swiss"]
[EventRounds "9"]
[EventCountry "ESP"]
[SourceTitle "Ajedrez en Madrid"]
[Source "lmi"]
[SourceDate "2016.07.13"]
[SourceVersion "1"]
[SourceVersionDate "2019.06.21"]
[SourceQuality "1"]

1. e4 d6 2. d4 Nf6 3. Nc3 g6 4. f3 Bg7 5. Be3 O-O 6. Qd2 Nc6 7. O-O-O e5 8. d5
Nd4 9. Nge2 b5 10. Bxd4 exd4 11. Nxb5 Bd7 12. Nexd4 a6 13. Na3 Qb8 14. Nc4 Bb5
15. Na5 Bxf1 16. Rhxf1 Nd7 17. b3 Qb6 18. Ndc6 Ne5 19. Nxe5 Bxe5 20. Nc6 Bg7
21. Rfe1 a5 22. a4 Qc5 23. Nd4 Rab8 24. Qe3 Rb7 25. f4 Re8 26. Nb5 Qb4 27. Rd3
Kh8 28. Qd2 Qc5 29. Qxa5 Qf2 30. Qd2 Qh4 31. g3 Qf6 32. Kd1 Re7 33. Qc3 Qxc3
34. Nxc3 Rb4 35. Nb5 h5 36. Rde3 Bd4 37. Nxd4 Rxd4+ 38. Kc1 Rb4 39. Kb2 Kg7 40.
c3 Rb7 41. b4 f6 42. e5 dxe5 43. fxe5 f5 44. d6 cxd6 45. exd6 Red7 46. Re7+ Kh6
47. a5 Kg5 48. a6 1-0

[Event "18. Obert Int. Sant Marti 2016 - B"]
[Site "Barcelona ESP"]
[Date "2016.07.16"]
[Round "4.18"]
[White "Palacios Pena, Gerardo"]
[Black "Garcia Punzano, Josep Lluis"]
[Result "1-0"]
[WhiteElo "1903"]
[BlackElo "1785"]
[PlyCount "173"]
[EventDate "2016.07.13"]
[EventType "swiss"]
[EventRounds "9"]
[EventCountry "ESP"]
[SourceTitle "Ajedrez en Madrid"]
[Source "lmi"]
[SourceDate "2016.07.13"]
[SourceVersion "1"]
[SourceVersionDate "2019.06.21"]
[SourceQuality "1"]

1. d4 Nf6 2. Nf3 d6 3. Bf4 g6 4. e3 Bg7 5. h3 O-O 6. Be2 c5 7. c3 Qb6 8. Qc1
Bf5 9. Nbd2 Re8 10. O-O Nc6 11. Nc4 Qc7 12. dxc5 Ne4 13. cxd6 exd6 14. Rd1 Rad8
15. Ncd2 Ne5 16. Nd4 Nxd2 17. Nxf5 Ne4 18. Nxg7 Kxg7 19. Qc2 Qc6 20. Bxe5+ dxe5
21. Bf3 f5 22. Rxd8 Rxd8 23. Rd1 Rxd1+ 24. Qxd1 Qd6 25. Qxd6 Nxd6 26. Bd5 Kf6
27. Kf1 b6 28. Ke2 h6 29. b3 e4 30. c4 Ke5 31. f3 g5 32. fxe4 fxe4 33. Bc6 Nf5
34. Kf2 h5 35. g4 hxg4 36. hxg4 Nh4 37. Bb7 Nf3 38. Ke2 Nh2 39. Bc8 Nf3 40. b4
Kd6 41. Bf5 Ne5 42. Bxe4 Nxc4 43. Bf5 Ke5 44. Kd3 Nd6 45. Bh7 Ne8 46. a4 Nf6
47. Bf5 Nd5 48. b5 Nc7 49. e4 a6 50. bxa6 Nxa6 51. Kc4 Nc7 52. Bh7 Kd6 53. Bg8
Ke5 54. Bh7 Kd6 55. Bg6 Ne6 56. Kb5 Nc5 57. Bf5 Kc7 58. a5 Nb3 59. axb6+ Kb7
60. Bd7 Nd4+ 61. Kc5 Nb3+ 62. Kd6 Kxb6 63. e5 Nc5 64. Bf5 Nb7+ 65. Ke6 Kc7 66.
Kf6 Kd8 67. Kxg5 Ke7 68. Kf4 Nd8 69. g5 Kf7 70. Ke4 Nc6 71. Bd7 Ne7 72. Bf5 Kg7
73. e6 Kf8 74. Ke5 Kg7 75. Be4 Kf8 76. Kd6 Nc8+ 77. Kc7 Ne7 78. Kd8 Ng8 79. g6
Nf6 80. e7+ Kg7 81. e8=Q Nxe8 82. Kxe8 Kg8 83. Ke7 Kg7 84. Ke6 Kg8 85. Kf6 Kh8
86. g7+ Kg8 87. Bd5+ 1-0